| 000 | 00597nam a2200181 i 4500 | ||
|---|---|---|---|
| 001 | 126021 | ||
| 003 | ES-MaACL | ||
| 005 | 20240429130055.0 | ||
| 007 | t| | ||
| 008 | 070214s1934 it r ||||1| ita d | ||
| 100 | 1 |
_aReichenbach, Giulio. _995959 |
|
| 245 | 1 | 0 |
_aStudi sulle operette morali di Giacomo Leopardi / _cGiulio Reichenbach. |
| 260 |
_aFirenze : _bLa Nuova Italia, _c1934 ( _fIndustria Tipográfica Fiorentina) |
||
| 300 |
_a223 p. ; _c20 cm. |
||
| 600 | 1 | 4 |
_aLeopardi, Giacomo, _d1798-1837- _xCrítica e interpretación _971705 |
| 852 |
_aES-MaACL _jA-2699 |
||
| 999 |
_c126021 _d126021 |
||